Les chansons de Hamza- Mort subite - Statistiques

Statistiques générales
  • Ce quiz a été pris 1 083 fois
  • Le résultat moyen est 9 sur 15
Answers on the Grid
Answers color-coded by a green-red scale on the quiz's grid according to % correct below.
1994
Life
Anh Yeah
Mi Amor
Murder
Lalla
Love Break
El Dorado
Oseille
Slowdown
Ma Réalité
Codéine 19
Au Bout de la Nuit
Plus Jamais la Même
Tu Me Donnes Des Idées
Lifestyle
Goal
J'allume
Toxxxic
Best Life
Tour en Ville
La seule qui m'aime pour de vrai
Mini Star
Amnésie
Macarena
Bolide Allemand
CARTIER SANTOS
POUR ELLE
Chemin d'or
Laboratoire
 
Statistiques - réponses
Réponse % Correct
Life
78%
Mi Amor
74%
1994
72%
Codéine 19
72%
Murder
71%
Tu Me Donnes Des Idées
67%
Au Bout de la Nuit
66%
Ma Réalité
62%
Lalla
52%
Oseille
51%
Slowdown
48%
El Dorado
46%
Love Break
43%
Plus Jamais la Même
31%
Anh Yeah
28%
Aucun quiz correspondant
Distribution des résultats
% des personnes avec chaque résultat
Percentile par nombre de réponses
Votre historique - résultats
Vous n’avez pas pris ce quiz